Ghana Monthly Judgements: law report of Superior Courts of Ghana: January, 2019: part 128. / (Record no. 7606)
[ view plain ]
| 000 -LEADER | |
|---|---|
| fixed length control field | 01120nam a22002057a 4500 |
| 003 - CONTROL NUMBER IDENTIFIER | |
| control field | OSt |
| 005 - DATE AND TIME OF LATEST TRANSACTION | |
| control field | 20210526120307.0 |
| 008 - FIXED-LENGTH DATA ELEMENTS--GENERAL INFORMATION | |
| fixed length control field | 190725b xxu||||| |||| 00| 0 eng d |
| 040 ## - CATALOGING SOURCE | |
| Transcribing agency | LC |
| 050 ## - LIBRARY OF CONGRESS CALL NUMBER | |
| Classification number | KRX19.A3.G34 |
| 245 ## - TITLE STATEMENT | |
| Title | Ghana Monthly Judgements: law report of Superior Courts of Ghana: January, 2019: part 128. / |
| Statement of responsibility, etc. | edited by Kwame Gyan. |
| 260 ## - PUBLICATION, DISTRIBUTION, ETC. | |
| Place of publication, distribution, etc. | Accra: |
| Name of publisher, distributor, etc. | Legalpoint Ltd., |
| Date of publication, distribution, etc. | 2019. |
| 300 ## - PHYSICAL DESCRIPTION | |
| Extent | xxix, 280 p. : |
| Dimensions | 23 cm. |
| 440 ## - SERIES STATEMENT/ADDED ENTRY--TITLE | |
| Title | Ghana monthly judgements: law report of Superior Courts of Ghana: October, 2018: part 125. |
| 500 ## - GENERAL NOTE | |
| General note | Includes index. |
| 505 ## - FORMATTED CONTENTS NOTE | |
| Formatted contents note | Contents: Citation -- Index of cases reported -- Index of Ghanaian cases referred to in this report -- Index of foreign cases referred to in this report -- Index of statutes referred to in this report -- Monograph referred to in this report -- Rules of court referred to in this report -- Index of subject-matter referred to in this report. |
| 653 ## - INDEX TERM--UNCONTROLLED | |
| Uncontrolled term | Ghana. -- Supreme Court. |
| -- | Law reports, digests, etc. -- Ghana. |
| -- | Ghana. Court of Appeal. Ghana. Supreme Court. Ghana. High Court. |
| 700 ## - ADDED ENTRY--PERSONAL NAME | |
| Personal name | Gyan, Kwame. |
| 942 ## - ADDED ENTRY ELEMENTS (KOHA) | |
| Source of classification or shelving scheme | Library of Congress Classification |
| Koha item type | Books |
| Withdrawn status | Lost status | Source of classification or shelving scheme | Damaged status | Not for loan | Home library | Current library | Shelving location | Date acquired | Total Checkouts | Full call number | Barcode | Date last seen | Price effective from | Koha item type |
|---|---|---|---|---|---|---|---|---|---|---|---|---|---|---|
| Library of Congress Classification | WISCONSIN INTERNATIONAL UNIVERSITY COLLEGE, GHANA KUMASI LIBRARY | WISCONSIN INTERNATIONAL UNIVERSITY COLLEGE, GHANA KUMASI LIBRARY | Law Library | 25/05/2021 | KRX19.A3.G34(pt 128) | KSL/345/008/21 | 26/05/2021 | 26/05/2021 | Books |
